000 00426nam a2200145Ia 4500
008 230917s9999||||xx |||||||||||||| ||und||
040 _e80375
_aMAIN
041 _aEnglish
082 _a34:363.6 N167A
100 _aNaresh Kumar
245 0 _aAir pollution and environment protection: legislative policies, judicial trends and social perceptions
260 _aNew Delhi
_bMittal
_c1999
300 _ax, 372 p.
942 _cBK
999 _c102019
_d102019